| 000 | 01522nab a22003017a 4500 | ||
|---|---|---|---|
| 999 |
_c5627 _d5627 |
||
| 003 | OSt | ||
| 005 | 20251222235605.0 | ||
| 008 | 190429b xxu||||| |||| 00| 0 spa d | ||
| 040 | _cPJ | ||
| 100 |
_96601 _aBumbaca, Agustina |
||
| 245 | 1 | 0 |
_aViolencia de género en red / _cAgustina Bumbaca. |
| 260 |
_cCiudad Autónoma de Buenos Aires : _aThomson Reuters La Ley, _b2025. |
||
| 300 | _ap. 159-167 | ||
| 500 | _aCita: TR LALEY AR/DOC/2848/2025. | ||
| 505 | _aSumario: I. Introducción.— II. Cambio de era, pero no de problemática. Una nueva modalidad de violencia de género.— III. Un conflicto con rasgos universales. Evolución histórica y marco normativo.— IV. Violencia de género digital y su reconocimiento a partir de la "Ley Olimpia".— V. Modalidades de violencia de género digital.— VI. Reflexiones finales.— VII. Bibliografía consultada. | ||
| 505 | _tSi te interesa el texto completo, solicitalo a koha@justierradelfuego.gov.ar | ||
| 650 | 0 |
_9343 _aDERECHO PENAL |
|
| 650 | 0 |
_9614 _aDERECHOS HUMANOS |
|
| 650 | 0 |
_92724 _aDERECHO A LA INTIMIDAD |
|
| 650 | 0 |
_92902 _aDELITOS CONTRA LA INTEGRIDAD SEXUAL |
|
| 650 | 0 |
_96528 _aVIOLENCIA DIGITAL |
|
| 650 | 0 |
_93053 _aVIOLENCIA DE GÉNERO |
|
| 650 | 0 |
_94857 _aGROOMING |
|
| 650 | 0 |
_93056 _aTRATA DE PERSONAS |
|
| 650 | 0 |
_91237 _aIGUALDAD ANTE LA LEY |
|
| 773 | 0 |
_02658 _93164 _tRevista de derecho penal y criminología. Nº 11 - Diciembre 2025 _dCiudad Autónoma de Buenos Aires : Thomson Reuters La Ley, 2017- _x00347914 |
|
| 942 |
_2udc _cANA |
||